000 00607nam a2200205Ia 4500
005 20250508162211.0
008 008 250505s9999 xx 000 0 eng d
020 _a0-7100-0746-9
037 _aTextual
040 _aFEDL
_beng
_cFEDL
041 _aeng
_2eng
084 _a370.19, BAN
_qFEDL
100 _aBantock G.H.
_9758107
245 0 _aParochialism of the present : Contemporary issues in education
260 _aLondon, UK
_bRoutledge and Kegan Paul
_c1981
300 _aviii,147p.
650 _aEducation-Sociology
942 _cTEXL
_h370.19, BAN
999 _c1374985
_d1374985